[Event "KNSB TCh-NED 2007-8"]
[Site "Netherlands NED"]
[Date "2008.03.29"]
[Round "8"]
[White "Peelen,P"]
[Black "Kuipers,E"]
[Result "1/2-1/2"]
[WhiteElo "2334"]
[BlackElo "2291"]

1.d4 d5 2.Nf3 c6 3.c4 Nf6 4.Nc3 e6 5.e3 a6 6.Bd2 b5 7.c5 Nbd7 8.b4 Qc7 9.a4 Rb8
10.axb5 axb5 11.Bd3 g6 12.Qe2 Bg7 13.e4 dxe4 14.Nxe4 Nxe4 15.Qxe4 Nf6 16.Qh4 Nd5
17.O-O f6 18.Be4 Qd7 19.Rfe1 O-O 20.Qg3 Rb7 21.h4 Ne7 22.Bf4 Nd5 23.Bd6 Re8
24.Bxd5 exd5 25.Qf4 Rxe1+ 26.Rxe1 Qf5 27.Re8+ Kf7 28.Qxf5 Bxf5 29.Ra8 Bh6
30.Ra2 Bd7 31.Kf1 Bf5 32.Ra6 Bd7 33.Ke2 Bf8 34.Bxf8 Kxf8 35.Nd2 Rc7 36.Nb3 Bc8
37.Ra8 Ke7 38.f3 Bf5 39.Na5 Kd7 40.g4 Bb1 41.Kd2 Ke6 42.Ra6 Kd7 43.Ra8 h5
44.Ke3 hxg4 45.fxg4 Ke6 46.Ra6 Kd7 47.Kf4 Rc8 48.Ra7+ Ke6 49.Rg7 Bc2 50.Nb7 Bb1
51.Nd6 Rh8 52.Kg3 Ra8 53.g5 Ra3+ 54.Kf4 Rd3 55.gxf6 Kxf6 56.Ne8+ Ke6 57.Rc7 Rxd4+
58.Kg5 Rxb4 59.Ng7+ Ke5 60.Rxc6 d4 61.Ne6 Be4 62.Rd6 Rc4 63.Nf4 Bf5 64.Rd5+ Ke4
65.h5 Rc1 66.Rxd4+ Kxd4 67.Ne2+ Kxc5 68.Nxc1 gxh5 69.Kxf5  1/2-1/2

[Event "FKB ch-USA Qualifier"]
[Site "Tulsa USA"]
[Date "2008.03.29"]
[Round "4"]
[White "Dean,J"]
[Black "Galant,S"]
[Result "1/2-1/2"]
[WhiteElo "2248"]
[BlackElo "2248"]

1.d4 Nf6 2.c4 e6 3.Nc3 d5 4.Nf3 c6 5.e3 Nbd7 6.Qc2 Be7 7.b3 O-O 8.Bd3 b6
9.O-O Bb7 10.Bb2 h6 11.Qe2 Qc7 12.Rac1 Rac8 13.Rfd1 Rfe8 14.e4 dxe4 15.Nxe4 Nxe4
16.Bxe4 Nf6 17.Bb1 c5 18.dxc5 Qxc5 19.Ne5 Red8 20.Rxd8+ Rxd8 21.Re1 Qc8 22.h3 Bb4
23.Rd1 Rxd1+ 24.Qxd1 Qc7 25.Ng4  1/2-1/2

[Event "FKB ch-USA Qualifier"]
[Site "Tulsa USA"]
[Date "2008.03.29"]
[Round "4"]
[White "Perelshteyn,E"]
[Black "Bhat,V"]
[Result "1/2-1/2"]
[WhiteElo "2551"]
[BlackElo "2481"]

1.d4 d5 2.c4 c6 3.Nc3 Nf6 4.e3 e6 5.Nf3 Nbd7 6.Qc2 Bd6 7.g4 h6 8.Rg1 e5 9.cxd5 cxd5
10.Nb5 Bb8 11.g5 hxg5 12.Nxg5 e4 13.Bd2 a6 14.Rc1 Bxh2 15.Nc7+ Bxc7 16.Qxc7 Qxc7
17.Rxc7 O-O 18.Bb4 Re8 19.a4 Rb8 20.Be2 b5 21.a5 Rb7 22.Rc6 Rb8 23.Kd2 Ra8
24.Rc7 Rb8 25.b3 Rb7 26.Rc6 Ra7 27.Rgc1 Ra8 28.Rc7 g6 29.Rh1 Rb8 30.Ra7 Kg7
31.Bd6 Rb7 32.Rxa6 Nb8 33.Ra8 Nc6 34.Rc1 Bd7 35.Ra6 Rc8 36.Rb6 Nxa5 37.Rxc8 Bxc8
38.Ra6 Rd7 39.Rb6 Rb7 40.Rxb5 Ne8 41.Bb4 Nc6 42.Rxb7 Bxb7 43.Bc5 Bc8 44.Bf1 Kf6
45.Nh7+ Kg7 46.Ng5 Kf6 47.Nh3 g5 48.Ng1 Ke6 49.Ne2 Nd6 50.Nc3 Bd7 51.Na4 Na5
52.Kc3 f5 53.Bb6 Bxa4 54.bxa4 Nac4 55.Bc5 Kd7 56.Bxd6 Nxd6 57.Bh3 Kc6 58.Bf1 f4
59.exf4 gxf4 60.Bh3 Nc4 61.Bg4 Kb6 62.Be6 Kc6 63.Bg4 Kb6 64.Be6  1/2-1/2

[Event "ch-TUR"]
[Site "Ankara TUR"]
[Date "2008.03.30"]
[Round "8"]
[White "Erdogan,H"]
[Black "Firat,B"]
[Result "1/2-1/2"]
[WhiteElo "2282"]
[BlackElo "2182"]

1.d4 d5 2.c4 c6 3.Nf3 Nf6 4.Nc3 e6 5.e3 Nbd7 6.Qc2 Bd6 7.Bd3 O-O 8.O-O dxc4
9.Bxc4 e5 10.Bb3 Qe7 11.h3 b6 12.Re1 Bb7 13.e4 Rac8 14.Bg5 h6 15.Bh4 c5 16.dxe5 Nxe5
17.Nxe5 Bxe5 18.f4 Bxf4 19.Nd5 Bxd5 20.exd5 Qd6 21.Qf5 Rce8 22.Bc2 Re5 23.Rxe5 Qxe5
24.Bxf6 Qxf5 25.Bxf5 gxf6 26.Bd7 Be5 27.Rb1 Rd8 28.Bc6 Kf8 29.b3 f5 30.Re1 f6
31.g4 Ke7 32.Kf2 Rg8 33.Kf3 h5 34.gxh5 Rg3+ 35.Ke2 Rxh3 36.Rg1 Kf8 37.Bd7 Rxh5
38.Be6 Bd4 39.Rg8+ Ke7 40.Rg7+ Kd6 41.Rxa7 Rh2+ 42.Kd3 Ke5 43.Bf7 f4 44.Re7+ Kd6
45.Re6+ Kc7 46.Ke4 Be5 47.Re7+ Kd8 48.Re8+ Kd7 49.Ra8 Re2+ 50.Kf5 f3 51.Be8+ Kc7
52.Bb5 Re1 53.Re8 f2 54.Re7+ Kd8 55.Re8+ Kc7 56.Re7+ Kd8  1/2-1/2

[Event "3rd Open"]
[Site "Kolkata IND"]
[Date "2008.03.30"]
[Round "7"]
[White "Koneru,H"]
[Black "Barua,D"]
[Result "1-0"]
[WhiteElo "2612"]
[BlackElo "2491"]

1.d4 d5 2.Nf3 Nf6 3.c4 e6 4.Nc3 c6 5.e3 Nbd7 6.Qc2 Bd6 7.Bd3 O-O 8.O-O dxc4
9.Bxc4 e5 10.h3 exd4 11.Nxd4 Nb6 12.Be2 Nbd5 13.Bd2 Nb4 14.Qb3 c5 15.Ncb5 a5
16.Nf3 Be6 17.Qa4 Be7 18.a3 Nc6 19.Rfd1 h6 20.e4 Qb6 21.e5 Nd7 22.Qf4 Rfd8
23.Bc3 Nf8 24.Bc4 Bxc4 25.Qxc4 Ne6 26.a4 Rxd1+ 27.Rxd1 Rd8 28.Rd5 Rxd5 29.Qxd5 Nb4
30.Qd7 Bf8 31.Nd2 Nf4 32.Nd6 Bxd6 33.exd6 Qc6 34.Qg4 Ne6 35.Ne4 Nd5 36.Be5 Kf8
37.Ng3 Nb6 38.Nf5 f6 39.Bxf6 gxf6 40.Qg6 Nd5 41.Qxh6+ Ke8 42.Qh8+ Nf8 43.Qh5+ Kd8
44.Qf7 Qe8 45.Qxd5 Qe1+ 46.Kh2 Qxf2 47.Qe4 Ng6 48.Ng3  1-0

[Event "FKB ch-USA Qualifier"]
[Site "Tulsa USA"]
[Date "2008.03.30"]
[Round "7"]
[White "Perelshteyn,E"]
[Black "Bradford,J"]
[Result "1/2-1/2"]
[WhiteElo "2551"]
[BlackElo "2419"]

1.d4 d5 2.c4 c6 3.Nc3 Nf6 4.e3 e6 5.Nf3 Nbd7 6.Qc2 Bd6 7.g4 dxc4 8.Bxc4 Qe7
9.e4 e5 10.g5 Nh5 11.Be3 g6 12.O-O-O O-O 13.Be2 exd4 14.Nxd4 Nf4 15.h4 Nxe2+
16.Qxe2 Bb4 17.h5 Ne5 18.Rh4 Bxc3 19.bxc3 Qa3+ 20.Qb2 Qxb2+ 21.Kxb2 Bg4 22.Rdh1 Bxh5
23.Nf5 Nc4+ 24.Kb3 Nxe3 25.fxe3  1/2-1/2

[Event "K41 Scandinavian Open"]
[Site "Valby DEN"]
[Date "2008.03.30"]
[Round "2"]
[White "Thorfinnsson,Bj"]
[Black "Schandorff,L"]
[Result "0-1"]
[WhiteElo "2364"]
[BlackElo "2526"]

1.d4 d5 2.c4 c6 3.Nf3 Nf6 4.Nc3 e6 5.e3 Nbd7 6.Qc2 Bd6 7.g4 h6 8.Rg1 e5 9.cxd5 cxd5
10.Bd2 e4 11.Nh4 Bxh2 12.Rg2 Bb8 13.Rc1 Nb6 14.Bb5+ Kf8 15.Na4 Bd6 16.Qb3 Nxa4
17.Rxc8 Rxc8 18.Nf5 Kg8 19.Bxa4 Rc7 20.Qb5 Bf8 21.Bb3 Qd7 22.Qe2 a6 23.f4 exf3
24.Qxf3 Ne4 25.Ng3 Nxd2 26.Kxd2 Qb5 27.Kd1 Bb4 28.Bc2 Be7 29.Nf5 Bg5 30.Qg3 Qf1+
31.Kd2 Qc4 32.Bd3 Qc1+ 33.Ke2 g6 34.Rg1 Qxb2+ 35.Kf3 Qc3 36.Qe5 gxf5  0-1

[Event "K41 Scandinavian Open"]
[Site "Valby DEN"]
[Date "2008.03.30"]
[Round "3"]
[White "Thorfinnsson,Bj"]
[Black "Smith,Ax"]
[Result "0-1"]
[WhiteElo "2364"]
[BlackElo "2458"]

1.d4 d5 2.c4 c6 3.Nf3 e6 4.e3 Nf6 5.Nc3 Nbd7 6.Qc2 Bd6 7.g4 Nxg4 8.Rg1 Nxh2
9.Nxh2 Bxh2 10.Rxg7 Nf8 11.Rg2 Bc7 12.e4 dxc4 13.Be3 e5 14.O-O-O Bh3 15.dxe5 Qe7
16.f4 Bxg2 17.Qxg2 Ne6 18.Bxc4 Bb6 19.Bd2 O-O-O 20.f5 Nc5 21.Bf4 Rxd1+ 22.Kxd1 Bc7
23.Qh2 b5 24.Bf1 Rd8+ 25.Kc2 b4 26.Bh3 Qd7  0-1

[Event "Spring Open"]
[Site "Belgrade SCG"]
[Date "2008.04.02"]
[Round "9"]
[White "Micic,N"]
[Black "Blagojevic,B"]
[Result "1/2-1/2"]
[WhiteElo "2247"]
[BlackElo "1798"]

1.Nf3 c6 2.e3 d5 3.d4 Nf6 4.c4 e6 5.Nc3 Bb4 6.Qb3 c5 7.a3 Bxc3+ 8.Qxc3 Ne4
9.Qc2 O-O 10.cxd5 exd5 11.dxc5 g5 12.Bd3 f5 13.b4 Be6 14.Bb2 Nd7 15.O-O Ndf6
16.Bxf6 Qxf6 17.Rad1 g4 18.Nd4 Bd7 19.Bb5 Bxb5 20.Nxb5 Rf7 21.Nc7 Rxc7 22.Rxd5 Rd8
23.Qc4 Rf7 24.Rfd1 Rxd5 25.Rxd5 Kg7 26.g3 Qb2 27.Qf1 Nd2 28.Qd1 Nf3+ 29.Kg2 Qxa3
30.Rd7 Qa2 31.Rd6 Qc4 32.Qa1+ Kg8 33.Rd1 Rf8 34.Rd7 Rf7 35.Rd8+ Rf8 36.Rd7  1/2-1/2

[Event "TCh-RUS w"]
[Site "Dagomys RUS"]
[Date "2008.04.02"]
[Round "1"]
[White "Turova,I"]
[Black "Bannikova,A"]
[Result "1/2-1/2"]
[WhiteElo "2380"]
[BlackElo "2190"]

1.d4 d5 2.c4 c6 3.Nc3 Nf6 4.e3 e6 5.Nf3 Nbd7 6.Qc2 Bd6 7.g4 h6 8.Rg1 Qe7
9.Bd2 b6 10.O-O-O Bb7 11.Kb1 c5 12.cxd5 Nxd5 13.Nxd5 Bxd5 14.e4 Bb7 15.Bb5 a6
16.dxc5 axb5 17.cxd6 Qf6 18.Rg3 Rc8 19.Bc3 Qg6 20.Rd4 e5 21.Rb4 Qxd6 22.Nd2 Qxb4
23.Bxb4 Rxc2 24.Kxc2 Nf6 25.Rc3 Kd7 26.Rd3+ Kc8 27.f3 Nd7 28.Nf1 h5 29.g5 h4
30.Ne3 f6 31.Be7 Re8 32.Rc3+ Kb8 33.Bd6+ Ka7 34.Ra3+ Ba6 35.Nd5 Rc8+ 36.Kd2 Rc6
37.Be7 Nb8 38.Nb4 Re6 39.Bxf6 Kb7 40.Rd3 Ka7 41.Rd8 Bb7 42.Rf8 Rd6+ 43.Ke2 Rd7
44.Bxe5 Na6 45.Nxa6 Bxa6 46.b4 Re7 47.Bb8+ Kb7 48.Rh8 Kc6 49.Rxh4 Bc8 50.Rh8 Be6
51.a3 Rd7 52.Be5 Bc4+ 53.Kf2 Rd2+ 54.Kg3 Rd3 55.Rc8+ Kb7 56.Rc7+ Ka8 57.a4 Rb3
58.axb5 Rxb4 59.Bd6 Ra4 60.h4 Be6 61.Re7 Bb3 62.Rc7 Ra5 63.Rc8+ Kb7 64.Rc7+ Ka8
65.Be5 Rxb5 66.Bd4 Rb4 67.Rd7 Bc4 68.Rd6 b5 69.Ra6+ Kb7 70.Ra3 Rb1 71.Ra1 Rb3
72.Kf4 Rd3 73.Bc5 Kc6 74.Bb4 Rb3 75.Be7 Be2 76.Ra3 Rb1 77.Re3 Bc4 78.Rc3 Kd7
79.Bc5 Rh1 80.Kg3 Be6 81.Bf2 b4 82.Rd3+ Kc6 83.Rd4 Kb5 84.f4 b3 85.Rd8 Kc4
86.Rb8 Kc3 87.Kf3 g6 88.f5 gxf5 89.exf5 Bxf5 90.Kf4 Be6 91.Ke5 Kc2 92.g6 b2
93.Kf6 Rf1 94.Kg5 Rxf2 95.h5 b1=Q 96.Rxb1 Kxb1 97.h6 Rg2+ 98.Kf6 Bc4 99.h7 Rxg6+  1/2-1/2

[Event "K41 Scandinavian Open"]
[Site "Valby DEN"]
[Date "2008.04.02"]
[Round "6"]
[White "Brynell,S"]
[Black "Schandorff,L"]
[Result "1/2-1/2"]
[WhiteElo "2463"]
[BlackElo "2526"]

1.d4 d5 2.c4 c6 3.Nc3 Nf6 4.e3 e6 5.Nf3 Nbd7 6.Bd3 dxc4 7.Bxc4 b5 8.Bd3 Bb7
9.e4 b4 10.Na4 c5 11.e5 Nd5 12.Nxc5 Nxc5 13.dxc5 Bxc5 14.O-O h6 15.Nd2 Qc7
16.Nc4 Rd8 17.Qe2 Nb6 18.Na5 Bd5 19.Bf4 g5 20.Bg3 h5 21.h3 f5 22.Rac1 Qe7
23.Bb5+ Kf7 24.Nc6 Bxc6 25.Bxc6 Rc8 26.Bb5 Kg6 27.Rfd1 Rhd8 28.h4 Rxd1+ 29.Rxd1 gxh4
30.Bf4 Rd8 31.Rxd8 Qxd8 32.Qf3 Nd5  1/2-1/2

[Event "Sozina Open"]
[Site "Bar MNE"]
[Date "2008.04.03"]
[Round "7"]
[White "Krstic,P"]
[Black "Damjanovic,D"]
[Result "1-0"]
[WhiteElo "2302"]
[BlackElo "2301"]

1.d4 d5 2.c4 c6 3.Nc3 Nf6 4.e3 e6 5.Nf3 Nbd7 6.Bd3 dxc4 7.Bxc4 b5 8.Be2 Bb7
9.O-O a6 10.e4 b4 11.e5 bxc3 12.exf6 cxb2 13.fxg7 Bxg7 14.Bxb2 c5 15.Rb1 Be4
16.dxc5 Bxb1 17.Bxg7 Rg8 18.c6 Bxa2 19.cxd7+ Qxd7 20.Qa1 Bd5 21.Bd1 Bc6 22.Ne5 Rxg7
23.Nxc6 Kf8 24.Bf3 Qd6 25.Rd1 Qc5 26.Ne5  1-0

[Event "TCh-RUS Major League"]
[Site "Dagomys RUS"]
[Date "2008.04.03"]
[Round "1"]
[White "Zabotin,A"]
[Black "Filippov,Va"]
[Result "0-1"]
[WhiteElo "2496"]
[BlackElo "2563"]

1.d4 Nf6 2.c4 e6 3.Nf3 d5 4.Nc3 c6 5.e3 Nbd7 6.Qc2 Bd6 7.Be2 O-O 8.O-O dxc4
9.Bxc4 a6 10.Rd1 b5 11.Be2 Qc7 12.Ne4 Nxe4 13.Qxe4 e5 14.Qh4 Re8 15.e4 exd4
16.Nxd4 Ne5 17.Bf4 c5 18.Nf5 Bxf5 19.exf5 Rad8 20.Kf1 c4 21.Be3 Be7 22.Qf4 Bc5
23.f6 Bxe3 24.fxe3 Qc5 25.Qg5 g6 26.Rd4 Nd7 27.h4 Qb6 28.Rad1 Nxf6 29.Rxd8 Rxd8
30.Rxd8+ Qxd8 31.a4 Qb6 32.axb5 axb5 33.h5 Ne4 34.Qf4 Nd6 35.h6 Nf5 36.Kf2 Qd8
37.g4 Qh4+ 38.Kg2 Nxh6 39.Bf3 Kg7 40.Qe5+ Qf6 41.Qxb5 Qe6 42.Qg5 f5 43.gxf5 Nxf5
44.Kf2 Qb6 45.Be2 Qxb2 46.Qf4 Qd2 47.Qe5+ Kg8 48.Kf3 Nd6 49.Bxc4+ Nxc4 50.Qe6+ Kg7
51.Qxc4 Qd6 52.Ke2 h5  0-1

[Event "TCh-RUS w"]
[Site "Dagomys RUS"]
[Date "2008.04.03"]
[Round "2"]
[White "Iljushina,O"]
[Black "Sudakova,I"]
[Result "0-1"]
[WhiteElo "2255"]
[BlackElo "2330"]

1.d4 d5 2.c4 e6 3.Nf3 Nf6 4.Nc3 c6 5.e3 Nbd7 6.Qc2 Bd6 7.Bd3 O-O 8.O-O dxc4
9.Bxc4 a6 10.Rd1 c5 11.d5 Nb6 12.Qd3 Nxc4 13.Qxc4 exd5 14.Nxd5 Nxd5 15.Qxd5 Be7
16.Qxd8 Rxd8 17.Rxd8+ Bxd8 18.e4 b6 19.Bf4 Bb7 20.Re1 Bf6 21.e5 Be7 22.e6 f6
23.Rd1 Bc8 24.Re1 Kf8 25.Nd2 b5 26.b3 Bb7 27.Ne4 Rd8 28.Nc3 Rd3 29.Re3 Rd4
30.f3 Rxf4 31.Ne2 Rf5 32.f4 Rd5 33.Nc3 Rd2 34.g3 c4  0-1

[Event "TCh-RUS w"]
[Site "Dagomys RUS"]
[Date "2008.04.03"]
[Round "2"]
[White "Borisova,E"]
[Black "Ovod,E"]
[Result "1/2-1/2"]
[WhiteElo "2275"]
[BlackElo "2437"]

1.d4 d5 2.c4 c6 3.Nf3 Nf6 4.Nc3 e6 5.e3 Nbd7 6.Qc2 Bd6 7.g4 h6 8.Bd2 dxc4
9.Bxc4 b5 10.Be2 Bb7 11.e4 Be7 12.e5 b4 13.exf6 bxc3 14.bxc3 Bxf6 15.Rb1 Qc8
16.Qe4 Nb6 17.c4 c5 18.d5 Kf8 19.g5 exd5 20.Qh4 Be7 21.Qf4 Qe6 22.gxh6 Rxh6
23.Qc7 Qe4 24.Bxh6 Qxb1+ 25.Bd1 gxh6 26.Qxb7 Re8 27.O-O dxc4 28.Ne5 Qf5 29.f4 c3
30.Bg4 Qf6 31.Qxa7 c4 32.Kh1 Kg7 33.Bh5 c2 34.Bxf7 Qxf4 35.Rg1+ Qg5 36.Qxb6 Rc8
37.Be8 Kf8  1/2-1/2

[Event "IX Dos Hermanas Internet"]
[Site "ICC INT"]
[Date "2008.04.04"]
[Round "2.3"]
[White "Vysochin,S"]
[Black "Godena,M"]
[Result "0-1"]
[WhiteElo "2521"]
[BlackElo "2528"]

1.d4 d5 2.c4 e6 3.Nf3 c6 4.e3 Nf6 5.Nc3 a6 6.b3 Bb4 7.Bd2 Nbd7 8.Bd3 O-O
9.O-O Bd6 10.e4 dxc4 11.Bxc4 e5 12.Bg5 b5 13.Be2 Bb7 14.dxe5 Nxe5 15.Nxe5 Bxe5
16.Qc2 Bxc3 17.Qxc3 Nxe4 18.Bxd8 Nxc3 19.Be7 Nxe2+ 20.Kh1 Rfe8 21.Bc5 Rad8
22.Rfe1 Nf4 23.Rxe8+ Rxe8 24.Rd1 Bc8 25.g3 Nd5 26.Kg2 Bg4 27.f3 Re2+ 28.Kf1 Bxf3
29.Bf2 Rxf2+ 30.Kxf2 Bxd1  0-1

[Event "K41 Scandinavian Open"]
[Site "Valby DEN"]
[Date "2008.04.04"]
[Round "9"]
[White "Brynell,S"]
[Black "Pedersen,Da"]
[Result "1-0"]
[WhiteElo "2463"]
[BlackElo "2258"]

1.d4 d5 2.c4 e6 3.Nf3 Nf6 4.Nc3 c6 5.e3 Nbd7 6.Bd3 dxc4 7.Bxc4 b5 8.Bd3 Bb7
9.O-O a6 10.e4 c5 11.d5 Qc7 12.Bc2 Bd6 13.dxe6 fxe6 14.Ng5 Nf8 15.f4 O-O-O
16.Qe2 e5 17.a4 h6 18.axb5 hxg5 19.bxa6 Bc6 20.fxg5 N6d7 21.Nd5 Qa7 22.Be3 Ne6
23.Ba4 Bxd5 24.exd5 Nd4 25.Qg4 Rhf8 26.Rxf8 Rxf8 27.h4 Nf5 28.Bf2 Kc7 29.Bxd7 Kxd7
30.h5 Ke7 31.b4 Kd8 32.Kh1 Nd4 33.bxc5 Rxf2 34.cxd6 Rf4 35.Qh3 Nf5 36.g3 Rf3
37.Rg1 Qe3 38.a7 Nxg3+ 39.Qxg3  1-0

[Event "FSGM April"]
[Site "Budapest HUN"]
[Date "2008.04.06"]
[Round "2"]
[White "Nguyen Huynh Minh Huy"]
[Black "Kosic,D"]
[Result "1/2-1/2"]
[WhiteElo "2482"]
[BlackElo "2500"]

1.d4 d5 2.c4 c6 3.Nf3 Nf6 4.Nc3 e6 5.e3 Nbd7 6.Bd3 dxc4 7.Bxc4 b5 8.Be2 b4
9.Na4 Bb7 10.O-O c5 11.dxc5 Bxc5 12.Nxc5 Nxc5 13.Bb5+ Ke7 14.Bd2 a5 15.a3 Nfe4
16.axb4 Nxd2  1/2-1/2

[Event "TCh-RUS Major League"]
[Site "Dagomys RUS"]
[Date "2008.04.06"]
[Round "4"]
[White "Nagibin,G"]
[Black "Geller,J"]
[Result "1/2-1/2"]
[WhiteElo "2358"]
[BlackElo "2507"]

1.d4 d5 2.c4 e6 3.Nc3 c6 4.e3 Nf6 5.Nf3 Nbd7 6.Qc2 Bd6 7.e4 dxe4 8.Nxe4 Nxe4
9.Qxe4 c5 10.Bg5 Qa5+ 11.Bd2 Qb6 12.O-O-O cxd4 13.Qg4 g6 14.Qxd4 Qxd4 15.Nxd4 Ke7
16.Be2 a6 17.Bc3 Rd8 18.b4 Nf6 19.Bf3 Rb8 20.Nb3 b6 21.Kc2 e5 22.Rhe1 Bf5+
23.Kb2 Be6 24.Bd5 Nxd5 25.cxd5 Bd7 26.f4 f6 27.Nd4 Kf7 28.fxe5 Bxe5 29.Nc6 Bxc3+
30.Kxc3 Rbc8 31.Kb3 Bxc6 32.dxc6 Rxd1 33.Rxd1  1/2-1/2

[Event "TCh-RUS w"]
[Site "Dagomys RUS"]
[Date "2008.04.06"]
[Round "5"]
[White "Matveeva,S"]
[Black "Stefanova,A"]
[Result "0-1"]
[WhiteElo "2420"]
[BlackElo "2538"]

1.d4 d5 2.c4 c6 3.Nc3 Nf6 4.Nf3 e6 5.e3 a6 6.b3 Bb4 7.Bd2 Nbd7 8.Bd3 O-O
9.O-O Qe7 10.Ne5 Nxe5 11.dxe5 Nd7 12.f4 dxc4 13.bxc4 f5 14.Rb1 a5 15.Qe2 b6
16.Rfd1 Ba6 17.Na4 Nc5 18.Bc2 Bxd2 19.Rxd2 b5 20.Nxc5 Qxc5 21.cxb5 Bxb5 22.Bd3 Rad8
23.Bxb5 Rxd2 24.Qxd2 cxb5 25.Rc1 Qb6 26.Qd4 Qxd4 27.exd4 Rd8 28.Rc5 Rxd4
29.Rxb5 Rxf4 30.Rxa5 Re4 31.Kf2 Kf7 32.Kf3 g5 33.h3 h5 34.a3 Kg6 35.Rb5 g4+
36.hxg4 hxg4+ 37.Kf2 f4 38.Ra5 Kf5 39.a4 g3+ 40.Kf1 Rxe5 41.Ra8 Rc5 42.a5 Rc1+
43.Ke2 Rg1  0-1

[Event "K41 Scandinavian Open"]
[Site "Valby DEN"]
[Date "2008.04.06"]
[Round "11"]
[White "Thorfinnsson,Br"]
[Black "Schandorff,L"]
[Result "1/2-1/2"]
[WhiteElo "2406"]
[BlackElo "2526"]

1.d4 d5 2.c4 c6 3.Nf3 Nf6 4.Nc3 e6 5.e3 Nbd7 6.Qc2 Bd6 7.Be2 O-O 8.b3 Re8
9.O-O Qe7 10.Rd1 b6 11.e4 Nxe4 12.Nxe4 dxe4 13.Qxe4 Bb7 14.Bb2 Rad8 15.a4 f5
16.Qe3 c5 17.Ne5 Nxe5 18.dxe5 Bc7  1/2-1/2

[Event "V Magistral da Hebraica"]
[Site "Sao Paulo BRA"]
[Date "2008.04.07"]
[Round "2"]
[White "Coelho,L"]
[Black "Stamenkovic,Dr"]
[Result "1/2-1/2"]
[WhiteElo "2392"]
[BlackElo "2440"]

1.d4 d5 2.c4 c6 3.Nf3 Nf6 4.Nc3 e6 5.e3 Nbd7 6.Bd3 dxc4 7.Bxc4 b5 8.Bd3 a6
9.e4 c5 10.d5 c4 11.Bc2 Qc7 12.O-O Bb7 13.dxe6 fxe6 14.Nd4 Nc5 15.Be3 e5
16.Nf5 g6 17.Bg5 Qc6 18.Nh6 Bg7 19.Qf3 Kf8 20.Qg3 Ne6 21.Rad1 Nh5 22.Qh4 Nxg5
23.Qxg5 Qf6 24.Qd2 Ke8 25.Ng4 Qh4 26.Qd8+ Qxd8 27.Rxd8+ Kxd8 28.a4 Bc6 29.axb5 axb5
30.b3  1/2-1/2

[Event "TCh-RUS w"]
[Site "Dagomys RUS"]
[Date "2008.04.08"]
[Round "7"]
[White "Gunina,V"]
[Black "Meleshko,Ann"]
[Result "1-0"]
[WhiteElo "2285"]
[BlackElo "2215"]

1.d4 d5 2.c4 c6 3.Nc3 Nf6 4.e3 e6 5.Nf3 Nbd7 6.Qc2 Bd6 7.Bd3 O-O 8.O-O e5
9.cxd5 cxd5 10.e4 dxe4 11.Nxe4 Nxe4 12.Bxe4 h6 13.Be3 exd4 14.Bxd4 Nf6 15.Rfe1 Nxe4
16.Qxe4 Qa5 17.Bc3 Qb6 18.Bd4 Bc5 19.Rac1 Bxd4 20.Qxd4 Be6 21.Qxb6 axb6 22.a3 Rac8
23.h3 Rfd8 24.Rxc8 Rxc8 25.Nd4 Bd7 26.Kh2 Kf8 27.Re3 Rc5 28.Rb3 Rd5 29.Rb4 b5
30.f3 g6 31.Ne2 Bc6 32.Nc3 Rc5 33.Kg3 Ke7 34.Kf2 Re5 35.Rh4 h5 36.Rd4 Rc5
37.f4 f6 38.g4 hxg4 39.hxg4 Ke6 40.Ke3 Bg2 41.Rb4 Bc6 42.Kd4 Kd6 43.Kd3 Ke7
44.Rd4 Bf3 45.b4 Rc6 46.f5 gxf5 47.gxf5 Bg2 48.Kd2 Bf1 49.Nd5+ Ke8 50.Ne3 Bc4
51.a4 Ra6 52.Nxc4 bxc4 53.a5 Rc6 54.Kc3 Ra6 55.Kxc4 Ke7 56.Kb5 Rc6 57.Rc4 Rd6
58.Rc7+ Kd8 59.Rxb7  1-0

[Event "10th Open"]
[Site "Dubai UAE"]
[Date "2008.04.08"]
[Round "3"]
[White "Molina,Ant"]
[Black "Nasri,A"]
[Result "0-1"]
[WhiteElo "2150"]
[BlackElo "2364"]

1.d4 d5 2.c4 e6 3.Nc3 c6 4.Nf3 Nf6 5.e3 Nbd7 6.Bd3 dxc4 7.Bxc4 b5 8.Bd3 Bb7
9.a3 b4 10.Ne4 Be7 11.Nxf6+ Nxf6 12.e4 Nd7 13.O-O O-O 14.axb4 Bxb4 15.Bd2 Bxd2
16.Qxd2 c5 17.Bc2 Qb6 18.Rfe1 Rfd8 19.Rad1 cxd4 20.Qxd4 Nc5 21.Qe3 Qb4 22.Rxd8+ Rxd8
23.Qa3 Qxa3 24.bxa3 Kf8 25.h3 Ke7 26.Re3 Ba8 27.Kf1 Bb7 28.Rc3 Nxe4 29.Rc7+ Rd7
30.Rxb7 Rxb7 31.Bxe4 Rc7 32.Ne1 f5 33.Bc2 g6 34.a4 e5 35.g4 Kf6 36.f3 Rc4
37.Kf2 Kg5 38.gxf5 gxf5 39.a5 Rh4 40.Kg3 Rd4 41.Bd3 e4 42.fxe4 fxe4 43.Bf1 Ra4
44.a6 Ra1 45.h4+ Kh6 46.Kf2 e3+ 47.Ke2 Rxa6 48.Kxe3 Ra1 49.Kd2 Kh5 50.Bd3 h6
51.Nf3 Kg4 52.Be4 a5 53.Bc6 Ra3 54.Ke2 a4 55.Bd7+ Kg3 56.Bc6 Ra1 57.h5 a3
58.Nd2 a2 59.Bd5 Rd1 60.Kxd1 a1=Q+ 61.Ke2  0-1

[Event "ch-SRB w"]
[Site "Kac SRB"]
[Date "2008.04.09"]
[Round "11"]
[White "Chelushkina,I"]
[Black "Maksimovic,S"]
[Result "1/2-1/2"]
[WhiteElo "2357"]
[BlackElo "2264"]

1.Nf3 Nf6 2.d4 d5 3.c4 e6 4.Nc3 c6 5.e3 Nbd7 6.Bd3 Be7 7.cxd5 exd5 8.O-O O-O
9.Bd2 Bd6 10.h3 Re8  1/2-1/2

[Event "TCh-FRA Top 16 Gp A"]
[Site "Noyon FRA"]
[Date "2008.04.10"]
[Round "4"]
[White "Nezar,M"]
[Black "Goldsztejn,G"]
[Result "1/2-1/2"]
[WhiteElo "2404"]
[BlackElo "2380"]

1.d4 d5 2.c4 c6 3.Nc3 Nf6 4.Nf3 e6 5.e3 Nbd7 6.Qc2 Bd6 7.g4 h6 8.Bd2 a6 9.Rg1 e5
10.dxe5 Nxe5 11.Nxe5 Bxe5 12.h3 Qe7 13.O-O-O Ne4 14.cxd5 Nxc3 15.Bxc3 cxd5
16.Bg2 Bxc3 17.Qxc3 O-O 18.Bxd5 Be6 19.Kb1 Bxd5 20.Rxd5 Qe4+ 21.Qd3 Qf3 22.g5 Qxf2
23.Rf1 Qh4 24.gxh6 Qxh6 25.Rg1 Rac8 26.e4 Rc6 27.Rdg5 g6 28.e5 Rfc8 29.Qg3 Qf8
30.Qb3 Qh6 31.a3 Rc1+ 32.Ka2 Rxg1 33.Rxg1 Re8 34.Qxb7 Qxh3 35.Qxa6 Qf5 36.Qc4 Rxe5
37.Rf1 Qe6 38.Qxe6 Rxe6 39.b4 g5 40.Rg1 Rg6 41.Kb3 f5 42.Kc4 g4 43.b5 f4
44.Kd3 Kf7 45.Rb1 g3 46.b6 g2 47.b7 g1=Q 48.Rxg1 Rb6 49.Rf1 Rxb7 50.Rxf4+ Ke6
51.a4 Kd5 52.Rf5+ Kc6 53.Kc4 Rh7 54.Rf6+ Kb7 55.Kb5 Rh5+ 56.Kb4 Rh4+ 57.Kb5 Rh5+
58.Kb4  1/2-1/2

[Event "TCh-RUS Major League"]
[Site "Dagomys RUS"]
[Date "2008.04.11"]
[Round "9"]
[White "Nagibin,G"]
[Black "Airapetian,G"]
[Result "1-0"]
[WhiteElo "2358"]
[BlackElo "2320"]

1.d4 d5 2.c4 e6 3.Nc3 c6 4.e3 Nf6 5.Nf3 Nbd7 6.Qc2 Bd6 7.e4 dxe4 8.Nxe4 Nxe4
9.Qxe4 c5 10.Bg5 Be7 11.Bxe7 Qxe7 12.O-O-O cxd4 13.Qxd4 O-O 14.Bd3 Nf6 15.g4 Qc7
16.g5 Nd7 17.h4 b6 18.h5 Bb7 19.Bxh7+ Kxh7 20.g6+ Kg8 21.h6 gxh6 22.Rxh6 Qxc4+
23.Qxc4 Rac8 24.gxf7+ Kxf7 25.Rh4 Bd5 26.Qxc8 Rxc8+ 27.Kb1 Rf8 28.Ng5+ Kg6
29.Ne4  1-0

[Event "V Magistral da Hebraica"]
[Site "Sao Paulo BRA"]
[Date "2008.04.11"]
[Round "6"]
[White "Greenfeld,A"]
[Black "Leitao,R"]
[Result "1/2-1/2"]
[WhiteElo "2575"]
[BlackElo "2604"]

1.d4 d5 2.c4 c6 3.Nf3 Nf6 4.Nc3 e6 5.e3 a6 6.b3 Bb4 7.Bd2 Nbd7 8.Bd3 O-O
9.O-O Bd6 10.Qc2 e5 11.cxd5 cxd5 12.e4 exd4 13.Nxd5 Nxd5 14.exd5 Nf6 15.Qc4 Bg4
16.Qxd4 Bxf3 17.gxf3 Nxd5 18.Rad1 Bc7 19.Bc1 Nf4 20.Bxf4 Qxd4 21.Bxh7+ Kxh7
22.Rxd4 Bxf4 23.Rxf4 Rad8 24.Rc1 Rd7 25.a4 Re8 26.Re4 Rxe4 27.fxe4 Rd3 28.Rc7 Rxb3
29.Rxf7 Rb4 30.f3 Kg6 31.Rd7 Rxa4 32.Rxb7 Ra2 33.h4 a5 34.Rb5 a4 35.Ra5 a3
36.Kf1 Kf6 37.h5 Ke6 38.f4 Kd6 39.Kg1 Kc6 40.e5 Kb6 41.Ra8 Kb7 42.Ra4 Kc6
43.f5 Re2 44.f6 gxf6 45.exf6 Re5 46.Rxa3 Rxh5  1/2-1/2

[Event "TCh-FRA Top 16 Gp A"]
[Site "Noyon FRA"]
[Date "2008.04.12"]
[Round "6"]
[White "Miralles,G"]
[Black "Nezar,M"]
[Result "1/2-1/2"]
[WhiteElo "2490"]
[BlackElo "2404"]

1.d4 d5 2.c4 c6 3.Nc3 Nf6 4.e3 e6 5.Nf3 Nbd7 6.Bd3 dxc4 7.Bxc4 b5 8.Bd3 Bb7
9.e4 b4 10.Na4 c5 11.e5 Nd5 12.O-O cxd4 13.Re1 N5b6 14.Be4 Bxe4 15.Rxe4 d3
16.Nxb6 Nxb6 17.Rd4 Nd5 18.Qxd3 Be7 19.Rg4 Kf8 20.Bd2 Rc8 21.Rc4 h5 22.Rac1 Rxc4
23.Rxc4 g6 24.Bxb4 Nxb4 25.Qxd8+ Bxd8 26.Rxb4 Bb6 27.Nd2 Kg7 28.Nc4 Rd8 29.Kf1 Bd4
30.Rb7 g5 31.b3 Kg6 32.f3 Rd5 33.g3 a5 34.f4 Bc3 35.Ke2 gxf4 36.gxf4 Rd4
37.Ke3 Rd1 38.Nd6 f6 39.Re7 fxe5 40.Rxe6+ Kg7 41.fxe5 Re1+ 42.Kf4 Re2 43.Ne4 Bb4
44.h4 Rxa2 45.Kf5 Rg2 46.Ra6 Be1 47.Ra7+ Kf8 48.Nf6 Bxh4 49.Ra8+ Kf7 50.e6+ Ke7
51.Ra7+ Kd6 52.Ra6+ Ke7 53.Nd5+ Kf8 54.Rxa5 Rg5+ 55.Kf4 Kg7 56.Rb5 Kg6 57.Ke4 Rg4+
58.Nf4+ Kf6 59.Rf5+ Ke7 60.Kd5 Bf6 61.Nxh5 Rd4+ 62.Kc5 Bh8 63.Nf4 Re4 64.Rf7+ Ke8
65.b4 Bc3 66.b5 Bd2 67.Nd5 Rxe6 68.Rf2 Ba5 69.Ra2 Bd8 70.Ra7 Rh6 71.Nc7+ Kd7
72.b6 Rc6+ 73.Kb5 Bxc7  1/2-1/2

[Event "10th Open"]
[Site "Dubai UAE"]
[Date "2008.04.13"]
[Round "8"]
[White "Neverov,V"]
[Black "Frhat,A"]
[Result "1-0"]
[WhiteElo "2568"]
[BlackElo "2393"]

1.d4 d5 2.c4 c6 3.Nc3 Nf6 4.e3 e6 5.Nf3 Nbd7 6.Qc2 Bd6 7.b3 O-O 8.Be2 b6
9.O-O Bb7 10.Bb2 Rc8 11.e4 dxe4 12.Nxe4 Nxe4 13.Qxe4 Nf6 14.Qh4 Qe7 15.Rad1 Rfd8
16.Bd3 h6 17.Rfe1 Nh7 18.Qh5 Nf6 19.Qh3 Qf8 20.Bb1 Ba3 21.Ba1 Be7 22.Re3 Nd7
23.Rde1 Bf6 24.Be4 g6 25.g4 Bg7 26.g5 h5 27.Nh4 Qd6 28.Bxg6 fxg6 29.Rxe6 Qf4
30.Rxg6 Rf8 31.Qe6+ Rf7 32.Rxg7+ Kxg7 33.d5+ Nf6 34.Bxf6+ Kg8 35.Qxc8+  1-0

[Event "Gausdal Classics GMB"]
[Site "Gausdal NOR"]
[Date "2008.04.13"]
[Round "6"]
[White "Akesson,R"]
[Black "Levin,F"]
[Result "1/2-1/2"]
[WhiteElo "2466"]
[BlackElo "2546"]

1.d4 d5 2.c4 c6 3.Nc3 Nf6 4.e3 e6 5.Nf3 a6 6.b3 c5 7.cxd5 cxd4 8.Qxd4 exd5
9.Be2 Nc6 10.Qd3 Bd6 11.O-O O-O 12.Bb2 Be6 13.Rfd1 Qe7 14.e4 Rad8 15.Nxd5 Bxd5
16.exd5 Nxd5 17.Bf1 Ba3 18.Ng5 Nf6 19.Bxf6 Rxd3 20.Bxe7 Rxd1 21.Rxd1 Bxe7  1/2-1/2